Naruto: Noms des parents - Statistiques

Statistiques générales
  • Ce quiz a été pris 436 fois
  • Le résultat moyen est 11 sur 24
Statistiques - réponses
Enfant(s) Père % Correct
Naruto Minato
100%
Kushina
98%
Itachi, Sasuke Fugaku
86%
Shikamaru Shikaku
80%
Asuma Hiruzen
75%
Choji Choza
72%
Ino Inoichi
71%
Kakashi Sakumo
67%
Hinata, Hanabi Hiashi
62%
Neji Hizashi
58%
Temari, Kankuro, Gaara Rasa
56%
Gai Dai
52%
Mikoto
51%
Shino Shibi
45%
Hana, Kiba Tsume
22%
Biwako
17%
Hashirama, Tobirama, Kawarama, Itama Butsuma
17%
Karura
17%
Madara, Izuna Tajima
16%
Kurotsuchi Kitsuchi
14%
Sakura Kizashi
14%
Mebuki
14%
Yoshino
13%
Kurenai Shinku
9%
Aucun quiz correspondant
Distribution des résultats
% des personnes avec chaque résultat
Percentile par nombre de réponses
Votre historique - résultats
Vous n’avez pas pris ce quiz